| 000 | 00581nam-a2200181-a-4500 | ||
|---|---|---|---|
| 001 | YSU0177680 | ||
| 003 | AM-YeHGA | ||
| 005 | 20250617161028.0 | ||
| 008 | 990526s1963 xxu 000 0 rus u | ||
| 040 | _aAM-YeHGA | ||
| 100 | 1 | 0 | _aДорофеев, П.И. |
| 245 | 1 | 0 |
_aТретичные флоры Западной Сибири / _cП.И. Дорофеев |
| 260 | 0 |
_aЛ., _aМосква : _bАН СССР , _c1963. |
|
| 300 |
_a286 с. _cс таб _c. |
||
| 550 | _aАН СССР. Ботанический ин-т | ||
| 650 | 4 | _aПалеоботаника | |
| 090 | _c467513 | ||
| 999 |
_c464321 _d464321 |
||